书目信息 |
| 题名: |
学校管理实话
|
|
| 作者: | 陈桂生 著 | |
| 分册: | ||
| 出版信息: | 上海 华东师范大学出版社 2004 |
|
| 页数: | 238页 | |
| 开本: | 23cm | |
| 丛书名: | 大夏书系·教育反思 | |
| 单 册: | ||
| 中图分类: | G47-53 | |
| 科图分类: | ||
| 主题词: | 学校管理--文集 , 学校管理 | |
| 电子资源: | ||
| ISBN: | 7-5617-3989-3 | |
| 000 | 00772oam2 2200253 450 | |
| 001 | 002790888 | |
| 005 | 20061112083744.21 | |
| 010 | @a7-5617-3989-3@dCNY20.00 | |
| 100 | @a20050105d2004 em y0chiy0110 ea | |
| 101 | 0 | @achi |
| 102 | @aCN@b310000 | |
| 105 | @ay z 000yy | |
| 200 | 1 | @a学校管理实话@9xue xiao guan li shi hua@f陈桂生著 |
| 210 | @a上海@c华东师范大学出版社@d2004 | |
| 215 | @a238页@d23cm | |
| 225 | 2 | @a大夏书系·教育反思 |
| 330 | @a本书对学校组织行为、教育管理体制、学校性质与价值取向和如何改进学校工作等问题发表了议论。 | |
| 461 | 0 | @12001 @a大夏书系·教育反思 |
| 606 | 0 | @a学校管理@j文集 |
| 606 | 0 | @a学校管理 |
| 690 | @aG47-53@v4 | |
| 701 | 0 | @a陈桂生@9chen gui sheng@f(1933~)@4著 |
| 801 | 0 | @aCN@bNLC@c20061112 |
| 905 | @a10447@dG47-53@e46 | |
| 学校管理实话/陈桂生著.-上海:华东师范大学出版社,2004 |
| 238页;23cm.-(大夏书系·教育反思) |
| ISBN 7-5617-3989-3:CNY20.00 |
| 本书对学校组织行为、教育管理体制、学校性质与价值取向和如何改进学校工作等问题发表了议论。 |
| ● |
| 相关链接 |
|
|
|
|
正题名:学校管理实话
索取号:G47-53/46
 
预约/预借
| 序号 | 登录号 | 条形码 | 馆藏地/架位号 | 状态 | 备注 |
| 1 | 0383940 | 203839409 | 第一样本阅览室/ [索取号:G47-53/46] | 在馆 | |
| 2 | 0383941 | 203839418 | 第四借阅区/ [索取号:G47-53/46] | 在馆 | |
| 3 | 0383942 | 203839427 | 第四借阅区/ [索取号:G47-53/46] | 在馆 | |
| 4 | 0383943 | 203839436 | 第四借阅区/ [索取号:G47-53/46] | 在馆 | |
| 5 | 0383944 | 203839445 | 第四借阅区/ [索取号:G47-53/46] | 在馆 |